000 00313nam a22001337a 4500
008 170530b xxu||||| |||| 00| 0 eng d
020 _a9780312403577
041 _aeng
080 _24TH
_a93
100 _a17
101 _aSHH
245 _aA POCKET GUIDE TO WRITING IN HISTORY
_cRAMPOLLA, M.L
942 _2udc
_cBK
999 _c15033
_d15033